gWals rks Qwy >Ms (Record no. 272931)

MARC details
000 -LEADER
fixed length control field 00646nam a2200265Ia 4500
003 - CONTROL NUMBER IDENTIFIER
control field OSt
005 - DATE AND TIME OF LATEST TRANSACTION
control field 20220918221549.0
008 - FIXED-LENGTH DATA ELEMENTS--GENERAL INFORMATION
fixed length control field 220917b |||||||| |||| 00| 0 eng d
037 ## - SOURCE OF ACQUISITION
Terms of availability Textual
040 ## - CATALOGING SOURCE
Original cataloging agency ARTS
Transcribing agency ARTS
Language of cataloging eng
041 ## - LANGUAGE CODE
Source of code eng
Language code of text/sound track or separate title eng
100 ## - MAIN ENTRY--PERSONAL NAME
Personal name xks
9 (RLIN) 140807
245 #0 - TITLE STATEMENT
Title gWals rks Qwy >Ms
260 ## - PUBLICATION, DISTRIBUTION, ETC.
Date of publication, distribution, etc. 1970
700 ## - ADDED ENTRY--PERSONAL NAME
Personal name ] v
9 (RLIN) 140808
700 ## - ADDED ENTRY--PERSONAL NAME
Personal name kizlkn
9 (RLIN) 140809
700 ## - ADDED ENTRY--PERSONAL NAME
Personal name ks/
9 (RLIN) 140810
700 ## - ADDED ENTRY--PERSONAL NAME
Personal name yh
9 (RLIN) 140811
942 ## - ADDED ENTRY ELEMENTS (KOHA)
Classification part O168:8x, 152K7
Koha item type Textual
Source of classification or shelving scheme Colon Classification (CC)
Holdings
Withdrawn status Lost status Damaged status Not for loan Home library Current library Date acquired Total Checkouts Full call number Barcode Date last seen Price effective from Koha item type
        Arts Library Arts Library 2022-09-18   O168:8x 152K7 AL0253420 2022-09-18 2022-09-18 Textual
Copyright @ Delhi University Library System